| 000 | 00742nam a22002417a 4500 | ||
|---|---|---|---|
| 003 | OSt | ||
| 005 | 20260417153830.0 | ||
| 008 | 260417b |||||||| |||| 00| 0 eng d | ||
| 020 | _a978-93-91132-44-6 | ||
| 037 | _cTextbook | ||
| 040 |
_aFEDL _beng _cFEDL |
||
| 041 |
_ahin _hhin |
||
| 082 | _a371.76 GUP/R | ||
| 100 |
_aGupta, Anu _91234664 |
||
| 245 |
_aBeta kare sawal: _bKishoron va purushon ke liye jaruri kitaab [Hindi]/ _cby Anu Gupta; Sanket karkare |
||
| 260 |
_aBhopal _bEklavya Foundation _c(c) 2022; Reprint, 2024 |
||
| 300 | _a142p. | ||
| 365 |
_aINR _b260.00 |
||
| 650 | _aSEX EDUCATION | ||
| 700 |
_aKarkare, Sanket _91235062 |
||
| 942 |
_2ddc _cTB _h371.76 GUP/R _n0 |
||
| 999 |
_c1848309 _d1848309 |
||